[Event "BCF-chT 98/99 (4NCL)"]
[Site "GBR"]
[Date "1998.10.24"]
[Round "1"]
[White "Buckley, Graeme"]
[Black "Gormally, Daniel"]
[Result "1-0"]
[WhiteElo "2315"]
[BlackElo "2415"]

1.d4 Nf6 2.Bg5 Ne4 3.Bh4 c5 4.f3 g5 5.fxe4 gxh4 6.e3 Bh6 7.Qh5 Bxe3 8.Bc4 e6
9.Nf3 cxd4 10.Nbd2 Nc6 11.Rf1 Qa5 12.Qxh4 Ne5 13.Ke2 Ng6 14.Qf6 O-O 15.Nb3 Qc7
16.Nbxd4 Bh6 17.Bb3 b6 18.Kf2 Qc5 19.c3 Bg7 20.Qg5 Bb7 21.Qe3 Rac8 22.Rad1 b5
23.Rfe1 a5 24.a3 b4 25.cxb4 axb4 26.a4 Ne5 27.Nxe5 Qxe5 28.Kg1 Rfd8 29.Rd2 Qc5
30.Bd1 Qe5 31.Bb3 Rc5 32.Bxe6 fxe6 33.Nxe6 Qxe6 34.Qxc5 Rf8 35.Qxb4 Bc6 36.a5 d5
37.Qb3 Qf7 38.h3 Bh6 39.Rc2 Ba8 40.Qg3+  1-0

[Event "BL9899 (Women)"]
[Site "Germany"]
[Date "1998.10.24"]
[Round "1.4"]
[White "Heinatz, Gundula"]
[Black "Hausmann, Ilka"]
[Result "1-0"]
[WhiteElo "2185"]
[BlackElo "2170"]

1.d4 Nf6 2.Bg5 Ne4 3.Bf4 c5 4.f3 Qa5+ 5.c3 Nf6 6.dxc5 Qxc5 7.e4 Nc6 8.Qd2 d6
9.Na3 Ne5 10.Ne2 Bd7 11.Nd4 e6 12.Nb3 Qb6 13.O-O-O a6 14.Bxe5 dxe5 15.Nc4 Qc7
16.Qg5 Be7 17.Qxe5 O-O-O 18.Qxc7+ Kxc7 19.Ne5 Rhf8 20.Be2 Ba4 21.Rxd8 Kxd8
22.Rd1+ Kc7 23.g3 Bxb3 24.axb3 Bd6 25.Nc4 Be7 26.b4 Nd7 27.f4 Rd8 28.Kc2 Nb6
29.Rxd8 Bxd8 30.Ne3 Be7 31.Kb3 Nc8 32.c4 Nd6 33.Bd3 h6 34.e5 Nc8 35.Be4 g5
36.f5 Na7 37.fxe6 fxe6 38.Nc2 Nc6 39.Bxc6 Kxc6 40.Kc3 g4 41.Kd4 h5 42.Ke4 Bf8
43.b5+ axb5 44.Nd4+ Kd7 45.Nxb5 Bh6 46.Nd4 Bg5 47.Ne2 Bd8 48.Nf4 h4 49.Ng2 hxg3
50.hxg3 Bg5 51.Ne3 Kc6 52.Nxg4 Kc5 53.Ne3 Kb4 54.Nc2+ Kxc4 55.Nd4 Bc1 56.b3+ Kb4
57.Nxe6 Kxb3 58.Nc5+ Kc4 59.Nxb7 Kb5 60.Kd5 Kb6 61.Nd6 Kc7 62.Ke6 Bg5 63.Nf7 Be3
64.g4  1-0

[Event "Panormo zt"]
[Site "Panormo"]
[Date "1998.10.25"]
[Round "2"]
[White "Miladinovic, Igor"]
[Black "Banikas, Hristos"]
[Result "1/2-1/2"]
[WhiteElo "2555"]
[BlackElo "2490"]

1.d4 Nf6 2.Bg5 Ne4 3.Bf4 c5 4.f3 Qa5+ 5.c3 Nf6 6.Nd2 cxd4 7.Nb3 Qb6 8.Qxd4 Nc6
9.Qxb6 axb6 10.Be3 b5 11.Bd2 e5 12.e4 b4 13.Bb5 d5 14.cxb4 dxe4 15.a3 Bd7
16.Bc3 Nd5 17.fxe4 Ne3 18.Kf2 Ng4+ 19.Ke2 Nf6 20.Bd3 Be6 21.Nc5 Bxc5 22.bxc5 Nh5
23.Ke3 Nf4 24.Bf1 Bg4 25.h3 Bh5 26.g4 Bg6 27.Bxe5 Ne6 28.Bd6 h5 29.Ne2 hxg4
30.Bg2 gxh3 31.Rxh3 O-O-O 32.Rxh8 Rxh8 33.Bf3 Re8 34.Rg1 Nc7 35.Nc3 Ne5 36.Be2 Re6
37.Kf4 Nd7 38.Bg4 Re8 39.Rd1 Ne6+ 40.Kg3 Nf6 41.Nb5 Nxg4 42.Kxg4 Rh8 43.Kg3 Kd7
44.Nc3 Ke8 45.a4 Ng5 46.c6 bxc6 47.a5 Bxe4 48.a6 c5 49.Kf4 Bf3 50.a7 f6 51.Bxc5 Ba8
52.Kf5 Rh1 53.Rxh1 Bxh1 54.Be3 g6+ 55.Kxg6 Ne6 56.Kxf6 Kd7 57.Ke5 Nc7 58.b4 Kc8
59.b5 Kb7  1/2-1/2

[Event "Panormo zt"]
[Site "Panormo"]
[Date "1998.10.30"]
[Round "7"]
[White "Minasian, Artashes"]
[Black "Gligoric, Svetozar"]
[Result "1/2-1/2"]
[WhiteElo "2620"]
[BlackElo "2495"]

1.d4 Nf6 2.Bg5 Ne4 3.Bf4 d5 4.e3 c6 5.Bd3 Nd7 6.Bxe4 dxe4 7.Nc3 Nf6 8.Be5 Bg4
9.Qd2 Nd7 10.Nxe4 Nxe5 11.dxe5 Qb6 12.Qc3 e6 13.Nd6+ Bxd6 14.exd6 O-O-O 15.f3 Bh5
16.O-O-O f6 17.Ne2 Bf7 18.Ng3 Bg6 19.Rd2 e5 20.Rhd1 Rd7 21.e4 Kb8 22.Nf1 Rhd8
23.Ne3 Bf7 24.Rd3 c5 25.Nd5 Bxd5 26.Rxd5 Rxd6 27.Qc4 a6 28.R1d3 Rxd5 29.Rxd5 Rxd5
30.exd5 Qb5 31.Qg4 Qf1+ 32.Kd2 Qf2+ 33.Kd3 b5 34.c4 Qxb2 35.Qd7 bxc4+ 36.Ke3  1/2-1/2

[Event "Panormo zt"]
[Site "Panormo"]
[Date "1998.10.30"]
[Round "7"]
[White "Gogolis, Alexandros"]
[Black "Karatekin, Tamer"]
[Result "0-1"]
[WhiteElo "2260"]
[BlackElo "2325"]

1.d4 Nf6 2.Bg5 Ne4 3.h4 d5 4.Nd2 Bf5 5.e3 h6 6.Bf4 Nxd2 7.Qxd2 e6 8.Ne2 Be7
9.h5 Nd7 10.Ng3 Bh7 11.Bd3 Bxd3 12.Qxd3 c5 13.c3 O-O 14.Ne2 Nf6 15.f3 Qb6
16.Rb1 a5 17.Bg3 a4 18.a3 Bd6 19.Bh4 Nh7 20.f4 Qa6 21.Rd1 b5 22.dxc5 Bxc5
23.Nd4 Rae8 24.Nf3 Qa7 25.Kd2 f6 26.Rde1 Qc7 27.f5 e5 28.Qxd5+ Kh8 29.Qe4 Qf7
30.Kc1 Qa2 31.Qb1 Qc4 32.Nd2 Qf7 33.Ne4 Rc8 34.g4 Qb7 35.Rh2 b4 36.axb4 Bxb4
37.Qc2 a3 38.b3 a2 39.Kb2 Qa8 40.Ka1 Rxc3 41.Nxc3 Rc8 42.Rc1 Bxc3+ 43.Qxc3 Rxc3
44.Rxc3 Ng5 45.Bxg5 hxg5 46.Rd2 Kh7 47.Rc7 Qe4 48.Kxa2 Qxg4 49.h6 Qb4 50.Rdc2 Qa5+
51.Kb2 e4 52.hxg7 Qe5+ 53.Kb1 g4 54.Rd7 Qb8 55.Kb2 g3 56.Rdc7 Qb6 57.Re7 Qd8
58.Rec7 Qd6 59.Ra7 Qe5+ 60.Kb1 Qxf5 61.Rd2 Qc8 62.Rad7 Qg8 63.Kb2 f5 64.Rg2 Qe6
65.Rgd2 Qe5+ 66.Kb1 Qe6 67.Kb2 Qf6+ 68.Kb1 f4 69.exf4 e3 70.Rd1 g2 71.Rg1 Qf5+  0-1

[Event "Chigorin mem"]
[Site "St. Petersburg"]
[Date "1998.11.01"]
[Round "2"]
[White "Sotsky, Alexander"]
[Black "Sherbakov, Ruslan"]
[Result "0-1"]
[WhiteElo "2425"]
[BlackElo "2555"]

1.d4 Nf6 2.Bg5 Ne4 3.Bf4 c5 4.dxc5 Nxc5 5.Nc3 Nc6 6.e4 d6 7.Bc4 g6 8.Nge2 Bg7
9.Qd2 O-O 10.Bh6 Bxh6 11.Qxh6 Ne5 12.Bd5 e6 13.Bb3 a5 14.Ba4 Nxa4 15.Nxa4 b5
16.Nac3 b4 17.Nd1 Ba6 18.Ne3 Rc8 19.Nf4 Qb6 20.h4 b3 21.c4 Bxc4 22.Nxc4 Rxc4
23.O-O Rxe4 24.axb3 Qxb3 25.Rxa5 Qb4 26.Rxe5 Rxf4 27.Re2 Rxh4 28.Qc1 Qb5
29.Rfe1 Qh5 30.f3 Rh1+ 31.Kf2 Qh4+ 32.g3 Rh2+ 33.Ke3 Qg5+  0-1

[Event "Corsican op"]
[Site "Bastia"]
[Date "1998.11.03"]
[Round "6"]
[White "Hauchard, Arnaud"]
[Black "Pigusov, Evgeny"]
[Result "1/2-1/2"]
[WhiteElo "2500"]
[BlackElo "2605"]

1.d4 Nf6 2.Bg5 Ne4 3.Bf4 d5 4.e3 e6 5.Bd3 c5 6.c3 Nc6 7.Nd2 Nxd2 8.Qxd2 Bd6
9.Bxd6 Qxd6 10.Nf3 Bd7 11.O-O O-O 12.Rfd1 Rad8 13.Rab1 a5 14.Qe2 e5 15.Nxe5 Nxe5
16.dxe5 Qxe5 17.Rd2 Bc6 18.Bb5 c4 19.Bxc6 bxc6 20.Qg4 Rb8 21.Qd4 Qxd4 22.exd4 Rfe8
23.Kf1 a4 24.Re1 Re6 25.a3  1/2-1/2

[Event "USA-ch Gr-B"]
[Site "Denver"]
[Date "1998.11.03"]
[Round "4"]
[White "Sokolin, Leonid M"]
[Black "Yermolinsky, Alex"]
[Result "1/2-1/2"]
[WhiteElo "2515"]
[BlackElo "2625"]

1.d4 Nf6 2.Bg5 Ne4 3.Bf4 d5 4.f3 Nf6 5.Nc3 e6 6.e4 a6 7.Qd2 b5 8.exd5 exd5
9.Bd3 Be6 10.Nge2 Nbd7 11.Bxb5 axb5 12.Nxb5 Rc8 13.Na7 Ra8 14.Nb5 Rc8 15.Na7  1/2-1/2

[Event "Wch U18"]
[Site "Oropesa del Mar"]
[Date "1998.11.06"]
[Round "10"]
[White "Reinaldo Castineira, Roi"]
[Black "Jensson, Einar Hjalti"]
[Result "1-0"]
[WhiteElo "2325"]
[BlackElo "2185"]

1.d4 Nf6 2.Bg5 Ne4 3.Bh4 c5 4.f3 Qa5+ 5.c3 Nf6 6.dxc5 Qxc5 7.Bf2 Qa5 8.e4 e6
9.Nd2 d5 10.e5 Nfd7 11.f4 Be7 12.Ngf3 O-O 13.Nb3 Qc7 14.Bd3 b6 15.Qe2 Nc5
16.Nxc5 bxc5 17.c4 Bb7 18.cxd5 Qa5+ 19.Nd2 exd5 20.O-O c4 21.Bc2 Nc6 22.Nf3 Ba6
23.Rfd1 Nb4 24.Qd2 Qc7 25.Bb1 Rfd8 26.f5 f6 27.exf6 gxf6 28.Nd4 Bc8 29.Re1 Bd6
30.Kh1 Rb8 31.Bc2 Be5 32.a3 Nxc2 33.Qxc2 Qb6 34.Qd1 Qxb2 35.Qg4+ Kh8 36.Qh4 Rd6
37.Rad1 Bd7 38.Nf3 Bxf5 39.Nxe5 fxe5 40.Rxe5 Qxe5 41.Bd4 Re8 42.Re1 Be4 43.Bxe5+ Rxe5
44.Qf4  1-0

[Event "Young Masters 5th"]
[Site "Loures"]
[Date "1998.11.07"]
[Round "5"]
[White "Dantas, Carlos"]
[Black "Hernandez, Roman"]
[Result "1-0"]
[WhiteElo "2200"]
[BlackElo "2440"]

1.d4 Nf6 2.Bg5 Ne4 3.Bf4 d5 4.Nd2 Nxd2 5.Qxd2 e6 6.Nf3 c5 7.dxc5 Bxc5 8.Qc3 Be7
9.O-O-O O-O 10.e4 Nc6 11.Kb1 Qb6 12.exd5 Bf6 13.Qb3 exd5 14.Qxb6 axb6 15.Bc7 Bf5
16.a3 Rfc8 17.Bxb6 Nb4 18.Bd3 Nxd3 19.cxd3 Ra4 20.h3 h6 21.Be3 b5 22.Bd2 Bxd3+
23.Ka2 Rc2 24.Bc1 Bc4+ 25.Kb1 Rxf2 26.Nd2 Bd3+ 27.Ka2 Rxg2 28.Rhe1 Rh4 29.Re3 Bf5
30.Nb3 Rxh3 31.Rxh3 Bxh3 32.Rxd5 Be6 33.Rxb5 Rg3 34.a4 Rg4 35.a5 Ra4+ 36.Kb1 Bxb3
37.Rxb3 Rxa5 38.Rb8+ Kh7 39.b4  1-0

[Event "SWE-chT 9899"]
[Site "Sweden"]
[Date "1998.11.07"]
[Round "4"]
[White "Aaberg, Anton"]
[Black "Bator, Robert"]
[Result "0-1"]
[WhiteElo "2300"]
[BlackElo "2410"]

1.d4 Nf6 2.Bg5 Ne4 3.Bf4 d5 4.e3 e6 5.Bd3 Nf6 6.Nc3 a6 7.Nf3 c5 8.dxc5 Bxc5
9.O-O Nc6 10.e4 d4 11.Ne2 h6 12.Ne5 Ne7 13.Ng3 O-O 14.Bd2 Bd6 15.Nc4 Bc7
16.e5 Nd7 17.Bxh6 gxh6 18.Qd2 Nxe5 19.Qxh6 f5 20.Nh5 Rf7 21.f4 N5g6 22.Rae1 Qf8
23.Qg5 Kh7 24.Rf3 Qh6 25.Nf6+ Rxf6 26.Qxf6 Qg7 27.Qg5 Kg8 28.Ref1 b5 29.Nd2 Nxf4
30.Qxg7+ Kxg7 31.Rxf4 Bxf4 32.Rxf4 e5 33.Rf1 e4 34.Be2 Bb7 35.Nb3 Rd8 36.Nc5 Bc8
37.g4 Rd5 38.gxf5 Rxc5 39.f6+ Kf8 40.fxe7+ Kxe7 41.Bd1 Bh3 42.Re1 Rg5+ 43.Kh1 Kd6
44.Rg1 Rf5 45.Bg4 Bxg4 46.Rxg4 e3 47.Rxd4+ Ke5 48.Rd8 Ke4 49.Kg2 Rf2+ 50.Kg3 Rxc2
51.h4 Rc1 52.Re8+ Kd3 53.Rd8+ Ke2 54.Kg2 Rd1 55.Re8 Rd5 56.Re7 Kd2 57.Kf3 Rf5+
58.Kg2 e2 59.Rd7+ Ke1 60.Re7 Rd5 61.Kf3 Rd3+ 62.Kg2 Kd1  0-1

[Event "BEL-chT9899"]
[Site "Antwerp"]
[Date "1998.11.08"]
[Round "2"]
[White "Winants, Luc"]
[Black "Goossens, Etienne"]
[Result "1-0"]
[WhiteElo "2480"]
[BlackElo "2140"]

1.d4 Nf6 2.Bg5 Ne4 3.Bf4 c5 4.d5 Qb6 5.Nd2 Nxd2 6.Bxd2 Qxb2 7.e4 e6 8.Nf3 Be7
9.Bd3 b5 10.O-O c4 11.Be2 Qa3 12.Nd4 a6 13.Bf3 O-O 14.e5 Bb7 15.dxe6 Bxf3
16.exf7+ Rxf7 17.Nxf3 Nc6 18.Be3 Nb4 19.Re1 Qb2 20.Re2 Nxa2 21.c3 Nxc3 22.Rxb2 Nxd1
23.Rxd1 Ba3 24.Ra2 b4 25.Nd2 Rc8 26.Nb1 Rf5 27.Nxa3 bxa3 28.f4 g5 29.g4  1-0

[Event "Young Masters 5th"]
[Site "Loures"]
[Date "1998.11.10"]
[Round "8"]
[White "Dantas, Carlos"]
[Black "Paramos Dominguez, Roberto"]
[Result "1/2-1/2"]
[WhiteElo "2200"]
[BlackElo "2435"]

1.d4 Nf6 2.Bg5 Ne4 3.Bf4 c5 4.f3 Qa5+ 5.c3 Nf6 6.d5 Qb6 7.Bc1 e6 8.e4 exd5
9.exd5 Bd6 10.Na3 O-O 11.Nh3 Re8+ 12.Be2 a6 13.Nc4 Qc7 14.a4 Bxh2 15.d6 Bg3+
16.Kf1 Qc6 17.a5 Qd5 18.Qxd5 Nxd5 19.Ng5 b5 20.axb6 Nc6 21.Ne4 Bf4 22.Nxc5 Rb8
23.b7 Bxb7 24.Nxd7 Rbd8 25.Nc5 Bc8 26.Bxf4 Nxf4 27.Re1 Ne5 28.Nxe5 Rxe5 29.Ne4 Nxe2
30.Rxe2 Be6 31.Rd2 f5 32.Ng5 Bc4+ 33.Kf2 h6 34.Nh3 Re6 35.Rd4 Bb3 36.Rb4 Bc2
37.Rc1 Bd3 38.Rd4 Re2+ 39.Kg3 Bb5 40.Nf4 Rxb2 41.Ng6 Kh7 42.c4 Kxg6 43.cxb5 Rxb5
44.Rc6 Rd7 45.Rxa6  1/2-1/2

[Event "AUT-chT2O 9899"]
[Site "AUT"]
[Date "1998.11.14"]
[Round "3"]
[White "Hechl, Gerald"]
[Black "Angerer, Michael"]
[Result "1-0"]
[WhiteElo "2175"]
[BlackElo "2145"]

1.d4 Nf6 2.Bg5 Ne4 3.Bf4 c5 4.f3 Nf6 5.dxc5 Nc6 6.e4 b6 7.e5 Ng8 8.Bb5 Bb7
9.cxb6 Qxb6 10.Nc3 Nd4 11.Bxd7+ Kxd7 12.Be3 Ke8 13.Qxd4 Qc6 14.O-O-O e6 15.Bg5 Be7
16.Bxe7 Nxe7 17.Ne4 Nf5 18.Qd2 Qb6 19.Nd6+ Nxd6 20.Qxd6 Qe3+ 21.Qd2 Qb6 22.Qd7+ Kf8
23.Qd6+ Ke8 24.Qxb6 axb6 25.a3 g5 26.Rd6 b5 27.Rb6 Ba6 28.Nh3 Rg8 29.Nf2 h5
30.Ne4 Ke7 31.Nc5  1-0

[Event "Owens Corning"]
[Site "Wrexham"]
[Date "1998.11.19"]
[Round "2"]
[White "Kinsman, Andrew PH"]
[Black "Jansa, Vlastimil"]
[Result "1/2-1/2"]
[WhiteElo "2385"]
[BlackElo "2490"]

1.d4 Nf6 2.Bg5 Ne4 3.Bf4 d5 4.e3 Bf5 5.f3 Nf6 6.c4 e6 7.Qb3 b6 8.Nc3 c6 9.g4 Bg6
10.h4 h5 11.g5 Ng8 12.O-O-O Bd6 13.Nh3 Ne7 14.e4 O-O 15.Kb1 a5 16.cxd5 cxd5
17.Ka1 Nbc6 18.Bb5 a4 19.Bxa4 Na5 20.Qb5 Nc4 21.Rhe1 Ra5 22.Qb3 Qa8 23.Bxd6 Nxd6
24.Qb4 Rd8 25.Nf4 b5 26.Nxg6 fxg6 27.Bc2 Nc6 28.Qb3 b4 29.exd5 bxc3 30.dxc6 cxb2+
31.Kb1 Nb5 32.Rxe6 Na3+ 33.Kxb2 Rb5 34.Re8+ Kh7 35.Rxd8 Qxd8 36.Kxa3 Qd6+
37.Kb2 Qxc6 38.d5 Rxb3+ 39.axb3 Qd6 40.Be4 Kg8 41.Rc1 Kf7 42.Rc6 Qh2+ 43.Ka3 Qxh4
44.Rc7+ Ke8 45.d6 Qxg5 46.Bc6+ Kd8 47.Rd7+ Ke8 48.Re7+ Kd8 49.Rd7+ Ke8 50.Re7+  1/2-1/2

[Event "BCF-chT 98/99 (4NCL)"]
[Site "GBR"]
[Date "1998.11.23"]
[Round "4"]
[White "Pert, Richard G"]
[Black "Mortazavi, Ali"]
[Result "1/2-1/2"]
[WhiteElo "2235"]
[BlackElo "2385"]

1.d4 Nf6 2.Bg5 Ne4 3.Bf4 d5 4.e3 e6 5.Nd2 Nxd2 6.Qxd2 c5 7.Nf3 Nc6 8.c3 Bd6
9.Bd3 O-O 10.O-O b6 11.e4 dxe4 12.Bxe4 Bb7  1/2-1/2

[Event "Iona Tech Masters"]
[Site "Kilkenny"]
[Date "1998.11.27"]
[Round "2"]
[White "Clarke, Thomas"]
[Black "O'Donovan, Richard"]
[Result "1-0"]
[WhiteElo "2195"]
[BlackElo "2195"]

1.d4 Nf6 2.Bg5 Ne4 3.h4 h6 4.Bf4 d5 5.e3 e6 6.Nd2 Nxd2 7.Qxd2 Be7 8.Nf3 Nd7
9.O-O-O Nf6 10.Qa5 b6 11.Qe1 Bb7 12.Ne5 a6 13.g4 Nd7 14.Qc3 Bxh4 15.Nxd7 Kxd7
16.Rxh4 g5 17.Rh5 gxf4 18.exf4 Qf6 19.Qe3 Rag8 20.f3 c5 21.dxc5 bxc5 22.c4 Kd6
23.cxd5 exd5 24.Rf5 Qe6 25.Qc3 Kd7 26.Bc4  1-0

[Event "Iona Tech Masters"]
[Site "Kilkenny"]
[Date "1998.11.28"]
[Round "4"]
[White "Clarke, Thomas"]
[Black "Wall, Tim"]
[Result "0-1"]
[WhiteElo "2195"]
[BlackElo "2370"]

1.d4 Nf6 2.Bg5 Ne4 3.h4 d5 4.Nd2 Bf5 5.Nxe4 Bxe4 6.h5 h6 7.Bh4 c6 8.Qd2 Qb6
9.c3 Nd7 10.f3 Bh7 11.e3 e6 12.Nh3 Bd6 13.Nf2 Nf6 14.g4 c5 15.Bd3 cxd4 16.exd4 Qc7
17.Bb5+ Nd7 18.Qe2 O-O 19.Bd3 Bxd3 20.Nxd3 e5 21.dxe5 Nxe5 22.Nxe5 Bxe5 23.O-O Rfe8
24.Qd2 Bf4 25.Qg2 Qc4 26.Rfe1 Rxe1+ 27.Bxe1 Re8 28.b3 Qd3 29.Qf1 Re2  0-1

[Event "Autumn Int"]
[Site "Tel Aviv"]
[Date "1998.12.10"]
[Round "5"]
[White "Royz, Michael"]
[Black "Yeke, Serkan"]
[Result "1-0"]
[WhiteElo "2355"]
[BlackElo "2160"]

1.d4 Nf6 2.Bg5 Ne4 3.Bf4 c5 4.f3 Qa5+ 5.c3 Nf6 6.Nd2 cxd4 7.Nb3 Qb6 8.Qxd4 Nc6
9.Qxb6 axb6 10.Be3 b5 11.Nd4 Nxd4 12.Bxd4 e6 13.e4 b4 14.Bc4 bxc3 15.Bxc3 Bc5
16.e5 Ng8 17.Ne2 Ne7 18.Ng3 Nc6 19.Ne4 Bd4 20.Bxd4 Nxd4 21.O-O Ke7 22.Rad1 Nf5
23.Rd3 b5 24.Bxb5 Rxa2 25.Rd2 Ra5 26.Nd6 Nxd6 27.exd6+ Kf6 28.Be2 Bb7 29.Rc1 Rd5
30.Rxd5 exd5 31.Bb5 Rc8 32.Rc7 Rxc7 33.dxc7 Ke6 34.Kf2 Kd6 35.Ke3 Kxc7 36.Kd4 Kd6
37.Bd3 h6 38.b3 g5 39.g3 f6 40.b4 Bc6 41.f4 gxf4 42.gxf4 Ba4 43.Be2 Bc2 44.Ba6 Kc6
45.Bf1 Be4 46.Bh3 f5 47.Bf1 d6 48.Ba6 Kb6 49.Be2 Kc6 50.Kc3 Kb6 51.Bh5 d4+
52.Kxd4 Kb5 53.Kc3 Bc6 54.Bf7 Bd7 55.Kb3 Bc8 56.Bc4+ Kc6 57.Kc3 Kb6 58.Kd4 Bb7
59.Bd3 Bc8 60.Kd5 Kc7 61.h4 Bb7+ 62.Kd4 Bc8 63.b5 Be6 64.Bc4 Bc8 65.Kd5 Kd7
66.Bd3 Kc7 67.b6+ Kxb6 68.Kxd6 Kb7 69.Ke5 Kc7 70.Bxf5 Ba6 71.Bg6 Kd7 72.Kf6 Kd6
73.Kg7 h5 74.f5 Ke5 75.f6 Bc4 76.Bxh5  1-0

[Event "AUT-chT2M 9899"]
[Site "Austria"]
[Date "1998.12.12"]
[Round "4"]
[White "Hertneck, Gerald"]
[Black "Wegener, Dirk"]
[Result "1-0"]
[WhiteElo "2555"]
[BlackElo "2305"]

1.d4 Nf6 2.Bg5 Ne4 3.Bh4 c5 4.e3 g5 5.Bg3 Qb6 6.Nc3 Nxg3 7.hxg3 cxd4 8.Qxd4 Qxd4
9.exd4 Bg7 10.O-O-O d6 11.Nd5 Kd8 12.Nf3 h6 13.Ne3 Nc6 14.c3 Rb8 15.Be2 b5
16.d5 Na5 17.Nd4 b4 18.cxb4 Rxb4 19.Nec2 Rb8 20.b4 Bxd4 21.Rxd4 Nb7 22.Kd2 e5
23.dxe6 fxe6 24.Rg4 d5 25.Rxg5 Nd6 26.Rg6 Ne4+ 27.Ke3 Rf8 28.Bd3 Nc3 29.Rgxh6 Nxa2
30.b5 e5 31.Rd6+ Kc7 32.Rxd5 Bb7 33.Rh7+ Kb6 34.Rh6+ Ka5 35.Rxe5 Rbe8 36.Rhe6 Rxe6
37.Rxe6 Nc1 38.Be4 Bxe4 39.Rxe4 Kxb5 40.Nd4+ Ka5 41.Re5+ Kb6 42.Rb5+ Ka6
43.Rb1 Re8+ 44.Kd2 Rd8 45.Rxc1 Rxd4+ 46.Ke3 Rb4 47.f4  1-0

[Event "Bundesliga 9899"]
[Site "Germany"]
[Date "1998.12.13"]
[Round "6.8"]
[White "Jugelt, Tobias"]
[Black "Ankerst, Mihael"]
[Result "1/2-1/2"]
[WhiteElo "2360"]
[BlackElo "2360"]

1.d4 Nf6 2.Bg5 Ne4 3.Bf4 c5 4.f3 Qa5+ 5.c3 Nf6 6.Nd2 cxd4 7.Nb3 Qb6 8.Qxd4 Nc6
9.Qxb6 axb6 10.e4 d5 11.exd5 Nxd5 12.Bd2 e5 13.Bc4 Be6 14.Kf2 O-O-O 15.Ne2 Be7
16.Rhd1 f5 17.Ng3 h5 18.Bd3 g6 19.Bc2 Rd7 20.Nf1 h4 21.Re1 Bf7 22.Rad1 Na5
23.Bc1 Nxb3 24.Bxb3 Bc5+ 25.Ke2 h3 26.g3 Rhd8 27.Bg5 Be7 28.Bxe7 Rxe7 29.Bxd5 Bxd5
30.b3 f4 31.Kf2 g5 32.Rd2 Bc6 33.Rxd8+ Kxd8 34.Nd2 Rd7 35.Nc4 Rd3 36.Nxe5 Rd2+
37.Kg1 Rg2+ 38.Kh1 Kc7 39.gxf4 gxf4 40.Nxc6 bxc6 41.Re7+ Kd6 42.Rh7 Rxa2
43.Rxh3 Ra3 44.Rh6+ Kd7 45.Rh7+ Kc8 46.Rf7 Rxb3 47.c4 Rxf3 48.Kg2 Re3 49.Rxf4 Kd7
50.h4 Re5 51.Kf3 Re1  1/2-1/2

[Event "Oxford Grandmasters 'A'"]
[Site "Oxford"]
[Date "1998.12.14"]
[Round "1"]
[White "Hodgson, Julian M"]
[Black "Nunn, John DM"]
[Result "1/2-1/2"]
[WhiteElo "2575"]
[BlackElo "2600"]

1.d4 Nf6 2.Bg5 Ne4 3.Bf4 c5 4.d5 Qb6 5.Bc1 g6 6.f3 Nd6 7.e4 Bg7 8.Nc3 f5
9.exf5 Nxf5 10.g4 Nh6 11.d6 e6 12.Nb5 Na6 13.Be3  1/2-1/2

[Event "Oxford GM-B"]
[Site "Oxford"]
[Date "1998.12.15"]
[Round "2"]
[White "Summerscale, Aaron"]
[Black "Burnett, Ronald"]
[Result "1-0"]
[WhiteElo "2455"]
[BlackElo "2395"]

1.d4 Nf6 2.Bg5 Ne4 3.Bf4 d6 4.f3 Nf6 5.e4 Nbd7 6.Nc3 e5 7.Be3 c6 8.a4 Be7
9.Bc4 O-O 10.Ba2 d5 11.exd5 cxd5 12.Nge2 exd4 13.Bxd4 Nb6 14.Qd3 Be6 15.Nf4 Bd6
16.Nxe6 fxe6 17.Nb5 Kh8 18.Nxd6 Qxd6 19.O-O e5 20.Bf2 Nxa4 21.Qb5 Qc6 22.Qxc6 bxc6
23.Bxd5 cxd5 24.Rxa4 Rfc8 25.c3 Rab8 26.Ra2 a6 27.Bg3 Re8 28.Re1 Nd7 29.Rxa6 Rxb2
30.Rd6 Nb6 31.Bf2 Na4 32.Bd4 Kg8 33.Rxe5 Rxe5 34.Bxe5 Rc2 35.Rd7 Nxc3 36.Rxg7+ Kf8
37.Bxc3 Rxc3 38.Rxh7 Ke8 39.Rh5 Rd3 40.Kf1 d4 41.Ke2 Re3+ 42.Kd2 Ra3 43.Rg5  1-0

[Event "Marshall CC Winter"]
[Site "New York"]
[Date "1998.12.16"]
[Round "5"]
[White "Robovic, Saudin"]
[Black "Ady, Jonathan James"]
[Result "1-0"]
[WhiteElo "2330"]
[BlackElo "2395"]

1.d4 Nf6 2.Bg5 Ne4 3.h4 c5 4.d5 Qb6 5.Nd2 Nxg5 6.hxg5 Qxb2 7.g6 fxg6 8.e4 d6
9.Ngf3 e5 10.Rb1 Qc3 11.Bb5+ Bd7 12.Ng5 Be7 13.Ne6 Kf7 14.Nc7 Qa5 15.Bxd7 Qxc7
16.Be6+ Kf8 17.Qg4 Bf6 18.Nc4 b6 19.f4 exf4 20.e5 Bxe5 21.Nxe5 dxe5 22.d6 Qxd6
23.Rd1 Qe7 24.Qxg6 Nc6 25.Rd7 Rd8 26.Rxe7 Kxe7 27.Qf7+ Kd6 28.Bd5 Nd4 29.Be4 Rd7
30.Qd5+ Ke7 31.Qxe5+ Ne6  1-0

[Event "Gudmundur Arason op 4th"]
[Site "Hafnarfjordur"]
[Date "1998.12.18"]
[Round "5"]
[White "Thorfinnsson, Bjorn"]
[Black "Bjornsson, Tomas"]
[Result "1-0"]
[WhiteElo "2115"]
[BlackElo "2255"]

1.d4 Nf6 2.Bg5 Ne4 3.Bh4 g5 4.Bg3 Bg7 5.e3 d5 6.Bd3 Nxg3 7.hxg3 h6 8.f4 g4
9.f5 h5 10.Ne2 e5 11.fxe6 Bxe6 12.Nf4 Qg5 13.Bg6 Ke7 14.Bd3 h4 15.Qd2 Kd7
16.Nc3 hxg3 17.Rxh8 Bxh8 18.O-O-O Nc6 19.Rh1 Ne7 20.Rh5 Qf6 21.Ncxd5 Nxd5
22.Nxd5 Qf2 23.b3 c6 24.Nf4 Bf6 25.c4 Ke7 26.Nxe6 Qxd2+ 27.Kxd2 Kxe6 28.Bf5+ Ke7
29.Bxg4 Rd8 30.Kd3 Rg8 31.Bf3 Rg5 32.Rh7 Rf5 33.Rh3 Rg5 34.b4 Kd7 35.e4 Be7
36.Rh7 Bxb4 37.Rxf7+ Be7 38.Rh7 Ra5 39.e5 Rxa2 40.d5 cxd5 41.cxd5 Kd8 42.d6 Bg5
43.Bg4 Ke8 44.Ke4 Rxg2 45.e6 Rh2 46.Bh5+ Rxh5 47.Rxh5 Bf6 48.Kf5 Bd4 49.Rg5 Kf8
50.Rxg3 b5 51.Rd3 Bb6 52.Kf6  1-0

[Event "Oxford Grandmasters 'A'"]
[Site "Oxford"]
[Date "1998.12.18"]
[Round "5"]
[White "Wells, Peter K"]
[Black "Sutovskij, Emil"]
[Result "0-1"]
[WhiteElo "2515"]
[BlackElo "2575"]

1.d4 Nf6 2.Bg5 Ne4 3.Bf4 d5 4.e3 c5 5.Bd3 Nf6 6.Nf3 Nc6 7.O-O Bg4 8.c3 e6
9.Nbd2 Be7 10.Qb1 Bh5 11.Ne5 Bg6 12.Nxg6 hxg6 13.Nf3 Nh5 14.Be5 Bd6 15.Bb5 O-O
16.Bxc6 bxc6 17.Qc2 Be7 18.dxc5 Bxc5 19.c4 Rc8 20.Rac1 Nf6 21.Bxf6 gxf6 22.Qa4 Qb6
23.Rc2 Be7 24.Rfc1 c5 25.cxd5 exd5 26.e4 Rfd8 27.exd5 Rxd5 28.h4 Rcd8 29.Re2 Bf8
30.Rce1 Kg7 31.b3 a5 32.Re8 Qb4 33.Qc6 Rxe8 34.Qxe8 c4 35.Qa8 Rd3 36.Re4 Rd1+
37.Kh2 Qd6+ 38.g3 c3 39.Rc4 Qd3  0-1

[Event "Gudmundur Arason op 4th"]
[Site "Hafnarfjordur"]
[Date "1998.12.20"]
[Round "7"]
[White "Thorfinnsson, Bjorn"]
[Black "Yemelin, Vasily"]
[Result "0-1"]
[WhiteElo "2115"]
[BlackElo "2510"]

1.d4 Nf6 2.Bg5 Ne4 3.Bh4 c5 4.f3 Nf6 5.d5 Qb6 6.Bxf6 exf6 7.Qc1 c4 8.e3 Bc5
9.Nd2 Bxe3 10.Nxc4 Bxc1 11.Nxb6 Bxb2 12.Nxa8 Bxa1 13.Nc7+ Ke7 14.d6+ Kxd6
15.Nb5+ Kc5 16.Nxa7 Nc6 17.Nxc8 Rxc8 18.Bd3 Nb4 19.Kd2 Nxd3 20.Kxd3 Rc6 21.Ne2 Rd6+
22.Ke3 Re6+ 23.Kd3 Rd6+ 24.Ke3 Be5 25.f4 Bd4+ 26.Kd3 f5 27.Rb1 b5 28.Nc1 Bb2+
29.Ke3 Bxc1+ 30.Rxc1 Ra6 31.Ra1 b4 32.Kd3 Ra3+ 33.Kd2 Kc4 34.Kc1 Kc3 35.Rb1 d5
36.Rb2 h5 37.Kb1 h4 38.Kc1 d4 39.Rb1 d3  0-1

[Event "Oxford Grandmasters 'A'"]
[Site "Oxford"]
[Date "1998.12.20"]
[Round "6"]
[White "Hodgson, Julian M"]
[Black "Turner, Matthew"]
[Result "1/2-1/2"]
[WhiteElo "2575"]
[BlackElo "2475"]

1.d4 Nf6 2.Bg5 Ne4 3.Bf4 c5 4.d5 Qb6 5.Bc1 g6 6.f3 Nd6 7.Nc3 Bg7 8.e3 O-O
9.Nh3 Qc7 10.a4 b6 11.Nf2 f5 12.Be2 e5 13.e4 f4 14.a5 Ba6 15.O-O Qb7  1/2-1/2

[Event "Cairnhill op"]
[Site "Singapore"]
[Date "1998.12.20"]
[Round "3"]
[White "Tu Hoang Thong"]
[Black "Chan, Mark"]
[Result "1-0"]
[WhiteElo "2480"]
[BlackElo "2240"]

1.d4 Nf6 2.Bg5 Ne4 3.Bf4 e6 4.e3 d5 5.Bd3 b6 6.Nf3 Be7 7.Bxe4 dxe4 8.Nfd2 Bb7
9.Nc3 f5 10.Nb5 Na6 11.Qh5+ g6 12.Qh6 Bf6 13.Nc4 Qd5 14.Bxc7 Ke7 15.Bd6+ Kd7  1-0

[Event "Oxford GM-B"]
[Site "Oxford"]
[Date "1998.12.21"]
[Round "7"]
[White "Summerscale, Aaron"]
[Black "Hermansson, Emil"]
[Result "1-0"]
[WhiteElo "2455"]
[BlackElo "2340"]

1.d4 Nf6 2.Bg5 Ne4 3.Bf4 d5 4.e3 c5 5.Bd3 Nf6 6.dxc5 Qa5+ 7.Nc3 e6 8.a3 Qxc5
9.Nb5 Na6 10.b4 Qb6 11.Nf3 Bd7 12.Qe2 Be7 13.Be5 O-O 14.Bd4 Qc6 15.O-O b6
16.Bxf6 Bxf6 17.Nbd4 Qa4 18.Bxa6 b5 19.Bb7 Rab8 20.Bc6 Bxc6 21.Nxc6 Bxa1
22.Nxb8 Bc3 23.Nc6 a6 24.e4 dxe4 25.Qxe4 h6 26.Nfe5 f5 27.Qd3 Qxa3 28.Qd6 Qa2
29.h4  1-0

[Event "Oxford Grandmasters 'A'"]
[Site "Oxford"]
[Date "1998.12.22"]
[Round "8"]
[White "Hodgson, Julian M"]
[Black "Wells, Peter K"]
[Result "1-0"]
[WhiteElo "2575"]
[BlackElo "2515"]

1.d4 Nf6 2.Bg5 Ne4 3.Bf4 d5 4.e3 c5 5.Bd3 cxd4 6.Bxe4 dxe4 7.exd4 Nc6 8.Ne2 Bg4
9.Nbc3 e6 10.h3 Bh5 11.Nxe4 Bxe2 12.Qxe2 Nxd4 13.Qd3 Nc6 14.O-O-O Qxd3 15.Rxd3 Nb4
16.Rb3 Nd5 17.Bg3 b6 18.Rd1 Rc8 19.Kb1 Rc6 20.Rd4 Be7 21.c4 Nf6 22.Nd6+ Bxd6
23.Bxd6 Nd7 24.Rg3 g6 25.Rgd3 f6 26.Be7 Ne5 27.Ra3 Nxc4 28.Rxa7 e5 29.Rd8+ Kf7
30.Bb4+  1-0

[Event "Trinec op"]
[Site "Trinec"]
[Date "1998.12.26"]
[Round "1"]
[White "Trojacek, Pavel"]
[Black "Hagarova, Zuzana"]
[Result "1/2-1/2"]
[WhiteElo "2140"]
[BlackElo "2335"]

1.d4 Nf6 2.Bg5 Ne4 3.h4 c5 4.dxc5 Qa5+ 5.Nd2 Nxg5 6.hxg5 Qxc5 7.g6 fxg6 8.e3 Nc6
9.Ngf3 d6 10.Nb3 Qb6 11.Ng5 Bd7 12.Rxh7 Rxh7 13.Nxh7 O-O-O 14.Qd2 Be6 15.O-O-O Bg8
16.Nxf8 Rxf8 17.Bd3 Nb4 18.Qc3+ Kb8 19.Qxg7 Rc8 20.Kb1 Qc6 21.Qxg6 Qa4 22.a3 Bxb3
23.axb4 Qa2+ 24.Kc1 Qa1+ 25.Kd2 Qxb2 26.Qe4 e5 27.f4 Ka8 28.fxe5 dxe5 29.Rf1 Rd8
30.Ke2 a6 31.b5 Bd5 32.Qa4  1/2-1/2